000
00338nam a22001457a 4500
008
180918b xxu||||| |||| 00| 0 eng d
020
_a
9780534345808
041
_a
eng
080
_2
2nd
_a
159.9
082
_a
159.9
100
_a
48
101
_a
PSI
245
_a
At-risk youth a comprehensive response
_c
Whirter,M.C
942
_2
udc
_c
BK
999
_c
47916
_d
47916